000 00312nam a2200121Ia 4500
008 220217s9999||||xx |||||||||||||| ||und||
082 _a621.381 5 KRI
100 _aKrishanan, R
_93997
245 0 _aElectric motor drives
260 _aPearson education
_bDelhi
_c2003
300 _b275
650 _aCIRCUITRY
999 _c173400
_d173400